000 01041cam a2200277 a 4500
001 000047961289
003 OSt
005 20150408114014.0
008 100719s2011 njua 000 0 eng d
020 _a9780135123959 (pbk)
020 _a013512395X (pbk)
035 _a(OCoLC)728493578
040 _aEQO
_cEQO
_dNLE
_dNUWS:W
082 0 _a621.381
_222
100 1 _aDeLoach, Jim C.
_911732
245 1 0 _aLab manual :
_ba troubleshooting approach to accompany Digital systems : principles and applications /
_cJim C. DeLoach, Frank J. Ambrosio.
250 _a11th ed.
260 _aUpper Saddle River, N.J. ;
_aLondon :
_bPearson Education Ltd.,
_c2011.
300 _axiii, 682 p. :
_bill. ;
_c28 cm.
500 _aFor use with: Digital systems : principles and applications / Ronald J. Tocci, Neal S Widmer [and] Gregory L. Moss.
500 _aIncludes index.
650 0 _aDigital electronics.
_911733
700 1 _aAmbrosio, Frank J.
_911734
700 1 _aTocci, Ronald J.
_tDigital systems.
_s11th ed.
_911735
942 _2ddc
_cBOOK
999 _c21508
_d256008